Old classes and new spaces: urban poverty, unorganised labour and new unions (Record no. 58959)

000 -LEADER
fixed length control field 01235pab a2200193 454500
008 - FIXED-LENGTH DATA ELEMENTS--GENERAL INFORMATION
fixed length control field 180718b2003 xxu||||| |||| 00| 0 eng d
100 ## - MAIN ENTRY--PERSONAL NAME
Personal name Ray Chowdhury, Supriya
245 ## - TITLE STATEMENT
Title Old classes and new spaces: urban poverty, unorganised labour and new unions
260 ## - PUBLICATION, DISTRIBUTION, ETC.
Date of publication, distribution, etc. 2003
300 ## - PHYSICAL DESCRIPTION
Extent p.5277-284.
362 ## - DATES OF PUBLICATION AND/OR SEQUENTIAL DESIGNATION
Dates of publication and/or sequential designation 13 Dec
520 ## - SUMMARY, ETC.
Summary, etc. Critical perspectives on globalisation acknowledge the need for mitigating the inegalitarian impact of marketisation upon disadvantaged sections on social security and welfare measures. However, scant attention has been paid to the fact that today the political leverage of the traditional protagonists of welfare - the welfare state, social-democratic parties and trade unions - has been eroded. As such, the discourse on welfare and social security is unanchored in any kind of politics. This paper looks at the activities of the National Centre for Labour. Its relationship to traditional trade unions and leftist parties frames the discussion of the limits of the effectiveness of new unions in empowering the poor. - Reproduced.
650 ## - SUBJECT ADDED ENTRY--TOPICAL TERM
Topical term or geographic name entry element Globalization
650 ## - SUBJECT ADDED ENTRY--TOPICAL TERM
Topical term or geographic name entry element Trade Unions
650 ## - SUBJECT ADDED ENTRY--TOPICAL TERM
Topical term or geographic name entry element Labour
650 ## - SUBJECT ADDED ENTRY--TOPICAL TERM
Topical term or geographic name entry element Poverty
773 ## - HOST ITEM ENTRY
Main entry heading Economic and Political Weekly
909 ## -
-- 58959
Holdings
Withdrawn status Lost status Damaged status Not for loan Permanent Location Current Location Date acquired Serial Enumeration / chronology Barcode Date last seen Price effective from Koha item type
        Indian Institute of Public Administration Indian Institute of Public Administration 2018-07-19 Volume no: 38, Issue no: 50 AR59404 2018-07-19 2018-07-19 Articles

Powered by Koha